[Event "75th POL-ch"]
[Site "Warsaw POL"]
[Date "2018.05.17"]
[Round "6.2"]
[White "Wojtaszek, Radoslaw"]
[Black "Duda, Jan-Krzysztof"]
[Result "0-1"]
[WhiteElo "2750"]
[BlackElo "2724"]
[EventDate "2018.05.12"]
[PlyCount "110"]

1.d4 Nf6 2.c4 e6 3.Nf3 d5 4.Nc3 dxc4 5.e4 b5 6.e5 Nd5 7.Nxb5 Nb6 8.Be2 Be7
9.O-O Nc6 10.Be3 O-O 11.Qd2 Rb8 12.Rfd1 Bb7 13.b3 a6 14.Nc3 cxb3 15.axb3 
Nb4 16.Bg5 Nd7 17.Qf4 c5 18.Rac1 cxd4 19.Bxe7 Qxe7 20.Rxd4 Bxf3 21.Bxf3 
Nc5 22.Rcd1 Nbd3 23.R4xd3 Nxd3 24.Rxd3 Rxb3 25.Bd1 Qb4 26.Qxb4 Rxb4 27.g3 
a5 28.h4 Rc8 29.Kg2 Kf8 30.f4 Ke7 31.Kf3 Rcc4 32.Ke3 h6 33.h5 Ke8 34.Bc2 
Kf8 35.Bd1 Ke7 36.Bc2 Rc7 37.Bd1 Rcc4 38.Bc2 Rc7 39.Bd1 Rd7 40.Rxd7+ Kxd7 
41.g4 Ke7 42.f5 Rc4 43.Na4 Rc1 44.Kd2 Rc8 45.Ke3 Rc1 46.Kd2 Rc7 47.Ke3 f6 
48.exf6+ Kxf6 49.fxe6 Kxe6 50.Nb2 Kf6 51.Nd3 Kg5 52.Ne5 Rc1 53.Kd2 Rc5 54.
Nd3 Rc4 55.Ne5 Re4 0-1

[Event "75th POL-ch"]
[Site "Warsaw POL"]
[Date "2018.05.17"]
[Round "6.3"]
[White "Sadzikowski, Daniel"]
[Black "Gajewski, Grzegorz"]
[Result "1/2-1/2"]
[WhiteElo "2588"]
[BlackElo "2599"]
[EventDate "2018.05.12"]
[PlyCount "99"]

1.e4 e5 2.Nf3 Nc6 3.Bb5 Nf6 4.d3 Bc5 5.Nc3 d6 6.Na4 Bb6 7.c3 O-O 8.Nxb6 
axb6 9.O-O Ne7 10.Ba4 Ng6 11.h3 h6 12.Bc2 c5 13.d4 Be6 14.b3 Qc7 15.d5 Bd7
16.Nh2 Qd8 17.Qf3 Nh7 18.Qg3 Qe8 19.Ng4 Kh8 20.Ne3 Nf4 21.Re1 b5 22.c4 g6 
23.cxb5 Nh5 24.Qh2 Bxb5 25.Nc4 Bxc4 26.bxc4 g5 27.a4 Qd7 28.g3 Rg8 29.Kh1 
Rg6 30.Bd2 Rag8 31.Rg1 N5f6 32.Rab1 Kg7 33.Rb6 g4 34.h4 Ng5 35.hxg5 hxg5 
36.Rgb1 Rh6 37.Qxh6+ Kxh6 38.Rxb7 Qe8 39.a5 Kg6 40.a6 Rh8+ 41.Kg2 Qg8 42.
Rh1 Rxh1 43.Kxh1 Qa8 44.Rb6 Qa7 45.Rc6 Qb8 46.Bc3 Kg7 47.Kg2 Nd7 48.Ba5 
Qb2 49.a7 Qxc2 50.a8=Q 1/2-1/2

[Event "75th POL-ch"]
[Site "Warsaw POL"]
[Date "2018.05.17"]
[Round "6.4"]
[White "Piorun, Kacper"]
[Black "Tomczak, Jacek"]
[Result "1/2-1/2"]
[WhiteElo "2633"]
[BlackElo "2589"]
[EventDate "2018.05.12"]
[PlyCount "71"]

1.Nf3 c5 2.c4 Nf6 3.Nc3 d5 4.cxd5 Nxd5 5.d4 Nxc3 6.bxc3 cxd4 7.cxd4 e5 8.
dxe5 Qxd1+ 9.Kxd1 Nc6 10.e3 Bg4 11.Bb5 O-O-O+ 12.Ke2 Bb4 13.h3 Bf5 14.Bd2 
Bxd2 15.Nxd2 Nxe5 16.g4 Rd5 17.gxf5 Rhd8 18.Rac1+ Kb8 19.Nb3 Rxb5 20.Rhd1 
Rxd1 21.Rxd1 Nc6 22.e4 Kc7 23.f4 g6 24.f6 g5 25.Nd4 Nxd4+ 26.Rxd4 gxf4 27.
Kf3 Rb1 28.e5 Re1 29.Kxf4 h6 30.Kf5 Re2 31.Rh4 Kd7 32.Rxh6 Rf2+ 33.Ke4 
Re2+ 34.Kd4 Rd2+ 35.Ke4 Re2+ 36.Kd4 1/2-1/2

[Event "75th POL-ch"]
[Site "Warsaw POL"]
[Date "2018.05.17"]
[Round "6.5"]
[White "Bartel, Mateusz"]
[Black "Socko, Bartosz"]
[Result "1-0"]
[WhiteElo "2604"]
[BlackElo "2593"]
[EventDate "2018.05.12"]
[PlyCount "77"]

1.e4 e6 2.d4 d5 3.Nc3 Nf6 4.e5 Nfd7 5.f4 c5 6.Nf3 a6 7.Ne2 Nc6 8.c3 b5 9.
a3 Be7 10.Be3 O-O 11.Ng3 cxd4 12.cxd4 f5 13.exf6 Nxf6 14.Ne5 Nxe5 15.dxe5 
Ne4 16.Bd3 Bb7 17.Qg4 Qa5+ 18.Ke2 Kh8 19.Qxe6 Rae8 20.Bxe4 dxe4 21.Bb6 Qa4
22.b3 Bxa3 23.bxa4 Rxe6 24.Bd4 Be7 25.Ke3 bxa4 26.Rxa4 Rg6 27.Rb1 Bd5 28.
Ra5 Bc4 29.Bc5 Bxc5+ 30.Rxc5 Bb5 31.Rbc1 h5 32.Rc8 Kg8 33.f5 Rg4 34.e6 h4 
35.Nh5 Rg5 36.f6 Be8 37.e7 Rxh5 38.exf8=Q+ Kxf8 39.fxg7+ 1-0

[Event "75th POL-ch"]
[Site "Warsaw POL"]
[Date "2018.05.18"]
[Round "7.1"]
[White "Socko, Bartosz"]
[Black "Krasenkow, Michal"]
[Result "0-1"]
[WhiteElo "2593"]
[BlackElo "2628"]
[EventDate "2018.05.12"]
[PlyCount "108"]

1.d4 Nf6 2.c4 g6 3.Nf3 Bg7 4.g3 c6 5.Bg2 d5 6.Qb3 O-O 7.O-O dxc4 8.Qxc4 
Bf5 9.Nc3 Nbd7 10.Bf4 Qb6 11.Na4 Qb5 12.Qxb5 cxb5 13.Nc3 b4 14.Nd1 Be4 15.
Ne3 a5 16.Rac1 Rfc8 17.Ne5 Bxg2 18.Kxg2 Nb6 19.Kf3 e6 20.Nd3 Ne8 21.Nc2 
Nc7 22.Bxc7 Rxc7 23.e3 Rac8 24.Na1 Nc4 25.Ke2 e5 26.b3 Na3 27.Rxc7 Rxc7 
28.Nxe5 Bxe5 29.dxe5 Kf8 30.f4 Ke7 31.g4 Ke6 32.Rd1 b5 33.Rd6+ Ke7 34.Kd2 
Nb1+ 35.Kd3 Rc1 36.e4 Nc3 37.Nc2 Rd1+ 38.Ke3 Rxd6 39.exd6+ Kxd6 40.a3 bxa3
41.Nxa3 Kc5 42.Nc2 a4 43.bxa4 bxa4 44.e5 Nb5 45.Ke4 Kc4 46.f5 gxf5+ 47.
gxf5 Kc3 48.e6 Kxc2 49.Ke5 f6+ 50.Kxf6 a3 51.e7 Nc7 52.Ke5 a2 53.Kd6 Ne8+ 
54.Kd7 Nf6+ 0-1

[Event "75th POL-ch"]
[Site "Warsaw POL"]
[Date "2018.05.18"]
[Round "7.2"]
[White "Tomczak, Jacek"]
[Black "Bartel, Mateusz"]
[Result "1-0"]
[WhiteElo "2589"]
[BlackElo "2604"]
[EventDate "2018.05.12"]
[PlyCount "87"]

1.e4 c6 2.d4 d5 3.e5 c5 4.dxc5 e6 5.a3 Bxc5 6.b4 Be7 7.c4 a5 8.b5 Nd7 9.
Bb2 Nh6 10.Nf3 O-O 11.Be2 dxc4 12.Nbd2 c3 13.Bxc3 b6 14.O-O Bb7 15.Bb2 Rc8
16.Re1 Nc5 17.Nd4 Qc7 18.Bf1 Rfd8 19.Qc2 Qb8 20.Rad1 Bd5 21.Nc4 Qb7 22.Bc1
Be4 23.Qc3 Nf5 24.Nxf5 Bxf5 25.Be3 Rd5 26.Rxd5 exd5 27.Nd6 Bxd6 28.exd6 
Qd7 29.Qe5 Be6 30.Bd4 f6 31.Qg3 Kf7 32.f3 Rd8 33.Rc1 Qxd6 34.Qxd6 Rxd6 35.
Bxc5 bxc5 36.Rxc5 Ke7 37.Kf2 Kd8 38.Bd3 d4 39.Bxh7 d3 40.Ke1 d2+ 41.Kd1 
Rd4 42.Bc2 g5 43.b6 Rd6 44.b7 1-0

[Event "75th POL-ch"]
[Site "Warsaw POL"]
[Date "2018.05.18"]
[Round "7.3"]
[White "Gajewski, Grzegorz"]
[Black "Piorun, Kacper"]
[Result "1/2-1/2"]
[WhiteElo "2599"]
[BlackElo "2633"]
[EventDate "2018.05.12"]
[PlyCount "76"]

1.Nf3 d5 2.d4 Nf6 3.c4 e6 4.Nc3 Bb4 5.Bg5 dxc4 6.e4 c5 7.Bxc4 cxd4 8.Nxd4 
Qa5 9.Bd2 Qc5 10.Bb5+ Bd7 11.Nb3 Qe7 12.Bd3 Nc6 13.O-O O-O 14.a3 Bd6 15.f4
e5 16.Nd5 Nxd5 17.exd5 Nd4 18.Nxd4 exd4 19.Qh5 f5 20.Rfe1 Qf6 21.b4 b5 22.
Re2 Rfe8 23.Rae1 g6 24.Rxe8+ Rxe8 25.Rxe8+ Bxe8 26.Qe2 Qe7 27.Bxb5 Bxb5 
28.Qxb5 Qe4 29.g3 d3 30.Qc6 Qe2 31.Qc8+ Kf7 32.Qd7+ Be7 33.d6 Qd1+ 34.Kg2 
Qxd2+ 35.Kh3 Qe2 36.dxe7 Qg4+ 37.Kg2 Qe2+ 38.Kh3 Qg4+ 1/2-1/2

[Event "75th POL-ch"]
[Site "Warsaw POL"]
[Date "2018.05.18"]
[Round "7.4"]
[White "Duda, Jan-Krzysztof"]
[Black "Sadzikowski, Daniel"]
[Result "1-0"]
[WhiteElo "2724"]
[BlackElo "2588"]
[EventDate "2018.05.12"]
[PlyCount "63"]

1.d4 d5 2.c4 e6 3.Nc3 Bb4 4.Nf3 Nf6 5.Qa4+ Nc6 6.e3 O-O 7.Qc2 Re8 8.a3 
Bxc3+ 9.Qxc3 e5 10.Nxe5 Nxe5 11.dxe5 Ne4 12.Qd4 Qh4 13.g3 Qh5 14.Be2 Bg4 
15.Bxg4 Qxg4 16.O-O Qf3 17.cxd5 Ng5 18.h4 Nh3+ 19.Kh2 Nxf2 20.Qf4 Ng4+ 21.
Kh3 Qe2 22.Qxf7+ Kh8 23.e6 h6 24.Qf3 Qxf3 25.Rxf3 Nf6 26.Rxf6 gxf6 27.e4 
c6 28.Be3 Rad8 29.Bd4 Kg7 30.Rf1 Rxe6 31.dxe6 Rxd4 32.e5 1-0

[Event "75th POL-ch"]
[Site "Warsaw POL"]
[Date "2018.05.19"]
[Round "8.1"]
[White "Krasenkow, Michal"]
[Black "Wojtaszek, Radoslaw"]
[Result "0-1"]
[WhiteElo "2628"]
[BlackElo "2750"]
[EventDate "2018.05.12"]
[PlyCount "57"]

1.d4 Nf6 2.c4 e6 3.Nc3 Bb4 4.Nf3 d5 5.e3 O-O 6.Bd2 b6 7.cxd5 exd5 8.Rc1 
Bb7 9.Bd3 Be7 10.Ne5 c5 11.O-O Nc6 12.f4 cxd4 13.Nxc6 Bxc6 14.exd4 b5 15.
f5 Qb6 16.Ne2 b4 17.Bg5 h6 18.Bxf6 Bxf6 19.Kh1 Rac8 20.Nf4 Bb7 21.Rxc8 
Rxc8 22.Nh5 Qxd4 23.Nxf6+ Qxf6 24.Qb3 a5 25.a3 d4 26.Rd1 Qg5 27.Bf1 Rc1 
28.axb4 axb4 29.Rxc1 0-1

[Event "75th POL-ch"]
[Site "Warsaw POL"]
[Date "2018.05.19"]
[Round "8.2"]
[White "Sadzikowski, Daniel"]
[Black "Mista, Aleksander"]
[Result "1-0"]
[WhiteElo "2588"]
[BlackElo "2590"]
[EventDate "2018.05.12"]
[PlyCount "117"]

1.d4 Nf6 2.c4 e6 3.g3 d5 4.Bg2 g6 5.Nf3 Bg7 6.O-O O-O 7.Nc3 Nbd7 8.Qb3 c6 
9.Bf4 Re8 10.Rfe1 dxc4 11.Qxc4 Nd5 12.Bg5 Qc7 13.e4 Nxc3 14.bxc3 e5 15.
Rad1 Nb6 16.Qc5 f6 17.Bc1 Qf7 18.Qa5 Be6 19.d5 Bd7 20.Nd2 Bf8 21.Ba3 Rec8 
22.Bxf8 Qxf8 23.f4 Qd6 24.fxe5 fxe5 25.Rc1 Kg7 26.c4 c5 27.Qa3 Rf8 28.Rf1 
Na4 29.Qe3 a6 30.h4 h6 31.Kh2 Rxf1 32.Rxf1 Rf8 33.Rxf8 Qxf8 34.Bh3 Bxh3 
35.Kxh3 b5 36.Nf3 Qf6 37.cxb5 axb5 38.Kg2 b4 39.Qd3 Nb6 40.Qb5 Qd6 41.Ne1 
Nd7 42.Qc6 Qe7 43.Nd3 h5 44.Kf3 Qf7+ 45.Ke3 Kh6 46.Ke2 Qe7 47.Qe6 Qg7 48.
Qd6 Kh7 49.Nxc5 Nxc5 50.Qxc5 Qb7 51.Kd3 Qa6+ 52.Qc4 Qb6 53.Kc2 Qf2+ 54.Kb3
Qxg3+ 55.Kxb4 Qxh4 56.d6 Kh6 57.Kb5 Qg4 58.Qc6 Qe2+ 59.Kb6 1-0

[Event "75th POL-ch"]
[Site "Warsaw POL"]
[Date "2018.05.19"]
[Round "8.3"]
[White "Piorun, Kacper"]
[Black "Duda, Jan-Krzysztof"]
[Result "0-1"]
[WhiteElo "2633"]
[BlackElo "2724"]
[EventDate "2018.05.12"]
[PlyCount "94"]

1.e4 e5 2.Nf3 Nf6 3.Nc3 Nc6 4.d4 exd4 5.Nxd4 Bb4 6.Nxc6 bxc6 7.Bd3 O-O 8.
O-O Re8 9.Qf3 d5 10.exd5 cxd5 11.h3 c6 12.Bf4 Bxc3 13.bxc3 Ne4 14.Rfe1 Qf6
15.c4 Bxh3 16.cxd5 cxd5 17.c4 Be6 18.Bxe4 dxe4 19.Qxe4 Rac8 20.Rac1 Bd7 
21.Qb7 Bc6 22.Qa6 h5 23.Bd2 Qg6 24.f3 h4 25.Rxe8+ Rxe8 26.Re1 Rd8 27.Qa5 
Rd6 28.Qg5 h3 29.Qxg6 Rxg6 30.g4 Bxf3 31.g5 Ra6 32.Ra1 Ra3 33.Kh2 Bg4 34.
c5 Rf3 35.Be1 Re3 36.Bf2 Rc3 37.a4 Kh7 38.Bd4 Rc4 39.Be3 Rc2+ 40.Kg3 Bd7 
41.Bf2 Kg6 42.Rd1 Rc3+ 43.Kh2 Be6 44.Rd2 Rc4 45.Be3 Rxa4 46.c6 Rc4 47.Bxa7
Kxg5 0-1

[Event "75th POL-ch"]
[Site "Warsaw POL"]
[Date "2018.05.19"]
[Round "8.4"]
[White "Bartel, Mateusz"]
[Black "Gajewski, Grzegorz"]
[Result "0-1"]
[WhiteElo "2604"]
[BlackElo "2599"]
[EventDate "2018.05.12"]
[PlyCount "54"]

1.e4 e5 2.Nf3 Nf6 3.Nxe5 d6 4.Nc4 Nxe4 5.Qe2 Qe7 6.Ne3 c6 7.b3 Be6 8.Bb2 
Nd7 9.g3 d5 10.Bg2 O-O-O 11.c4 d4 12.Bxe4 dxe3 13.fxe3 Nc5 14.Bc2 h5 15.
Nc3 Bg4 16.Qf2 h4 17.d4 hxg3 18.Qxg3 f5 19.O-O Rh3 20.Qf2 Qg5 21.Qf4 Qg6 
22.Kh1 Ne6 23.Bxf5 Bxf5 24.Qxf5 Rxh2+ 25.Kxh2 Bd6+ 26.Kh1 Rh8+ 27.Qh3 
Rxh3# 0-1

[Event "75th POL-ch"]
[Site "Warsaw POL"]
[Date "2018.05.19"]
[Round "8.5"]
[White "Socko, Bartosz"]
[Black "Tomczak, Jacek"]
[Result "1-0"]
[WhiteElo "2593"]
[BlackElo "2589"]
[EventDate "2018.05.12"]
[PlyCount "79"]

1.e4 c5 2.Nf3 d6 3.d4 cxd4 4.Nxd4 Nf6 5.Nc3 a6 6.Be3 e5 7.Nb3 Be6 8.Qd2 
Nbd7 9.O-O-O Rc8 10.f4 b5 11.f5 Bc4 12.Kb1 Be7 13.Rg1 Ng4 14.Bxc4 bxc4 15.
Nc1 O-O 16.N1e2 Nxh2 17.Nd5 Ng4 18.Nec3 Ndf6 19.Nxf6+ Bxf6 20.Qe2 Nxe3 21.
Qxe3 Bg5 22.Qa7 Rc6 23.Nd5 Qb8 24.Qxb8 Rxb8 25.c3 Kf8 26.Kc2 Ke8 27.b4 
cxb3+ 28.axb3 a5 29.Ra1 Bd8 30.Rh1 h6 31.f6 Bxf6 32.Rxa5 Bd8 33.Ra7 Bb6 
34.Ra6 Kd7 35.b4 Bd8 36.Ra7+ Ke6 37.Rf1 f6 38.Rxg7 Ra8 39.Kb3 Rca6 40.
Rxf6+ 1-0

[Event "75th POL-ch"]
[Site "Warsaw POL"]
[Date "2018.05.20"]
[Round "9.1"]
[White "Tomczak, Jacek"]
[Black "Krasenkow, Michal"]
[Result "1/2-1/2"]
[WhiteElo "2589"]
[BlackElo "2628"]
[EventDate "2018.05.12"]
[PlyCount "46"]

1.e4 e5 2.Nf3 Nc6 3.Bb5 Nf6 4.O-O Nxe4 5.Re1 Nd6 6.Nxe5 Be7 7.Bf1 Nf5 8.
Nf3 O-O 9.d4 d5 10.Bf4 g5 11.Bc1 g4 12.Ne5 Nxe5 13.dxe5 h5 14.Nc3 Be6 15.
Bd3 Ng7 16.Ne2 c5 17.c3 Qb6 18.Be3 Qxb2 19.Rb1 Qxa2 20.Ra1 Qb2 21.Rb1 Qa2 
22.Ra1 Qb2 23.Rb1 Qa2 1/2-1/2

[Event "75th POL-ch"]
[Site "Warsaw POL"]
[Date "2018.05.20"]
[Round "9.2"]
[White "Gajewski, Grzegorz"]
[Black "Socko, Bartosz"]
[Result "1/2-1/2"]
[WhiteElo "2599"]
[BlackElo "2593"]
[EventDate "2018.05.12"]
[PlyCount "61"]

1.c4 e5 2.Nc3 Nc6 3.Nf3 Nf6 4.g3 g6 5.d4 exd4 6.Nxd4 Bg7 7.Nxc6 bxc6 8.Bg2
O-O 9.O-O Rb8 10.Qc2 Qe7 11.Bf4 d5 12.cxd5 cxd5 13.Rad1 Bf5 14.Qc1 Rbd8 
15.Nxd5 Nxd5 16.Bxd5 Qxe2 17.Rfe1 Qb5 18.Bb3 Rxd1 19.Qxd1 Bh3 20.Re7 Bd4 
21.Rxc7 g5 22.Bd6 Bb6 23.Bxf8 Bxc7 24.Bh6 Bb6 25.Qc1 Bd8 26.Qc4 Qb7 27.Qd5
Qe7 28.Qd2 Qf6 29.Qd5 Qe7 30.Qd2 Qf6 31.Qd5 1/2-1/2

[Event "75th POL-ch"]
[Site "Warsaw POL"]
[Date "2018.05.20"]
[Round "9.3"]
[White "Duda, Jan-Krzysztof"]
[Black "Bartel, Mateusz"]
[Result "1/2-1/2"]
[WhiteElo "2724"]
[BlackElo "2604"]
[EventDate "2018.05.12"]
[PlyCount "84"]

1.Nf3 d5 2.c4 d4 3.b4 g5 4.Bb2 Bg7 5.Nxg5 e5 6.Ne4 f5 7.Nc5 b6 8.Nd3 Bb7 
9.e3 Qh4 10.exd4 exd4 11.Na3 Ne7 12.Qa4+ Nd7 13.O-O-O Bc6 14.Qc2 a6 15.f3 
O-O 16.Kb1 f4 17.Nc1 Bb7 18.Qa4 Rfd8 19.Nc2 c5 20.a3 a5 21.b5 Ne5 22.Nd3 
Nxf3 23.Be2 Ng5 24.Nce1 Ng6 25.Nf3 Nxf3 26.Bxf3 Bxf3 27.gxf3 Re8 28.Qc2 
Qh3 29.Rdf1 Re2 30.Nc1 Re6 31.Nd3 Re2 32.Nc1 Re6 33.Nd3 Rae8 34.Qb3 Re2 
35.Nf2 Qh4 36.Ne4 Rxh2 37.Qd1 Rxh1 38.Rxh1 Qe7 39.Qf1 Qd7 40.d3 Re5 41.Bc1
Qf5 42.Qg2 Re7 1/2-1/2

[Event "75th POL-ch"]
[Site "Warsaw POL"]
[Date "2018.05.20"]
[Round "9.4"]
[White "Mista, Aleksander"]
[Black "Piorun, Kacper"]
[Result "1-0"]
[WhiteElo "2590"]
[BlackElo "2633"]
[EventDate "2018.05.12"]
[PlyCount "101"]

1.e4 e5 2.Nf3 Nc6 3.Bb5 a6 4.Ba4 d6 5.O-O Bd7 6.d4 exd4 7.Bxc6 bxc6 8.Qxd4
c5 9.Qd3 Ne7 10.Re1 f6 11.Nc3 g6 12.Nd5 Bg7 13.Bf4 Be6 14.c3 O-O 15.b4 
cxb4 16.cxb4 Bf7 17.Rac1 Nxd5 18.exd5 Qd7 19.a3 Rfe8 20.Rxe8+ Rxe8 21.h3 
g5 22.Be3 h5 23.Qc4 g4 24.hxg4 hxg4 25.Nd4 f5 26.Ne6 Bxe6 27.dxe6 Qxe6 28.
Qxe6+ Rxe6 29.Rxc7 Be5 30.Rc6 f4 31.Bd2 g3 32.Kf1 Bd4 33.fxg3 fxg3 34.Be1 
Rf6+ 35.Ke2 Re6+ 36.Kd1 Be5 37.Rxa6 Re7 38.b5 Kf7 39.a4 Ke6 40.Rc6 Rb7 41.
Rc4 Rb8 42.Rg4 Kf5 43.Rb4 Ke6 44.a5 Kd5 45.a6 Kc5 46.a7 Ra8 47.b6 d5 48.
Rb3 Kc6 49.Bxg3 Bxg3 50.Rxg3 Kxb6 51.Ra3 1-0

[Event "75th POL-ch"]
[Site "Warsaw POL"]
[Date "2018.05.20"]
[Round "9.5"]
[White "Wojtaszek, Radoslaw"]
[Black "Sadzikowski, Daniel"]
[Result "1/2-1/2"]
[WhiteElo "2750"]
[BlackElo "2588"]
[EventDate "2018.05.12"]
[PlyCount "95"]

1.d4 e6 2.c4 f5 3.g3 Nf6 4.Bg2 d5 5.Nf3 Bd6 6.O-O O-O 7.Nc3 c6 8.Qc2 Qe7 
9.Rb1 Bd7 10.c5 Bc7 11.b4 Ne4 12.Nxe4 fxe4 13.Bg5 Qf7 14.Ne5 Bxe5 15.dxe5 
Be8 16.f3 Nd7 17.fxe4 Qh5 18.Rxf8+ Kxf8 19.Rf1+ Kg8 20.Qd2 Nxe5 21.exd5 
exd5 22.Qe3 Nf7 23.Bf4 Qg4 24.Bf3 Qd7 25.Qd4 Qe6 26.Bc1 Qe5 27.Qd2 Bd7 28.
Bg2 Rd8 29.Bb2 Qg5 30.Rf4 Bc8 31.Qd4 Qg6 32.e4 Ng5 33.Rf1 Bh3 34.exd5 Bxg2
35.Kxg2 Rxd5 36.Qe3 Rd3 37.Qe5 h6 38.Rf2 Rd5 39.Qf4 Kh7 40.h4 Ne6 41.Qe3 
a5 42.a3 h5 43.Rd2 Rxd2+ 44.Qxd2 a4 45.Kf2 Qe4 46.Qd1 Kg6 47.Bc3 Nc7 48.
Qd6+ 1/2-1/2